Future of UK air transport strategy published (Record no. 73987)
[ view plain ]
| 000 -LEADER | |
|---|---|
| fixed length control field | 01216cam a2200241 4500 |
| 001 - CONTROL NUMBER | |
| control field | WB4001-36 |
| 008 - FIXED-LENGTH DATA ELEMENTS--GENERAL INFORMATION | |
| fixed length control field | 031222n2003 000 0 eng u |
| 035 ## - SYSTEM CONTROL NUMBER | |
| System control number | (Sirsi) u124671 |
| 245 ## - TITLE STATEMENT | |
| Title | Future of UK air transport strategy published |
| 260 ## - PUBLICATION, DISTRIBUTION, ETC. | |
| Date of publication, distribution, etc. | 2003 |
| 490 ## - SERIES STATEMENT | |
| Series statement | DfT News Release |
| Volume/sequential designation | (166) 16 December 2003 (5) |
| 520 ## - SUMMARY, ETC. | |
| Summary, etc. | The government has published its framework for the future of air transport in the UK over the next 30 years. The White Paper "The future of air transport" sets out the future development of air transport in the regions of England, Scotland, Wales and Northern Ireland. It balances the economic benefits of development against its environmental impact and follows an extensive public consultation. The White Paper, summary document and fact sheets are available at http://www.dft.gov.uk/aviation/whitepaper/. http://www.gnn.gov.uk/gnn/national.nsf/Daily+News/4087E7F68294226B80256DFE004B25E2?opendocument |
| 590 ## - LOCAL NOTE (RLIN) | |
| Local note | WB |
| 650 ## - SUBJECT ADDED ENTRY--TOPICAL TERM | |
| Topical term or geographic name entry element | AIR TRANSPORT |
| 650 ## - SUBJECT ADDED ENTRY--TOPICAL TERM | |
| Topical term or geographic name entry element | SCOTLAND |
| 650 ## - SUBJECT ADDED ENTRY--TOPICAL TERM | |
| Topical term or geographic name entry element | WALES |
| 650 ## - SUBJECT ADDED ENTRY--TOPICAL TERM | |
| Topical term or geographic name entry element | NORTHERN IRELAND |
| 650 ## - SUBJECT ADDED ENTRY--TOPICAL TERM | |
| Topical term or geographic name entry element | AIRPORT DEVELOPMENT |
| 650 ## - SUBJECT ADDED ENTRY--TOPICAL TERM | |
| Topical term or geographic name entry element | PLANNING |
| 650 ## - SUBJECT ADDED ENTRY--TOPICAL TERM | |
| Topical term or geographic name entry element | ENVIRONMENTAL IMPACT |
| 690 ## - LOCAL SUBJECT ADDED ENTRY--TOPICAL TERM (OCLC, RLIN) | |
| Topical term or geographic name as entry element | TRANSPORT AND COMMUNICATIONS |
| 942 ## - ADDED ENTRY ELEMENTS (KOHA) | |
| Suppress in OPAC | 0 |
| Withdrawn status | Lost status | Source of classification or shelving scheme | Damaged status | Not for loan | Home library | Current library | Shelving location | Date acquired | Total Checkouts | Full call number | Barcode | Date last seen | Copy number | Price effective from | Koha item type |
|---|---|---|---|---|---|---|---|---|---|---|---|---|---|---|---|
| Dewey Decimal Classification | London | London | News article | 22/12/2003 | WB4001-36 | 124671-1001 | 06/08/2019 | 1 | 06/08/2019 | News article |